| 000 | 01300nam a2200301 4500 | ||
|---|---|---|---|
| 003 | EC-UNACH | ||
| 005 | 20251212161355.0 | ||
| 006 | s||||gr|||| 00| 00 | ||
| 008 | 150116t9999 mx r gr 000 0 spa d | ||
| 020 | _a978-9942-10-155-6 | ||
| 040 |
_aEC-UNACH _cEC-UNACH |
||
| 041 | _aspa | ||
| 082 | 0 | 4 |
_223 _a340.56 _bL018482 |
| 110 | _aCorporación de estudios y publicaciones | ||
| 245 | _aValoración y protección jurídica de los conocimientos tradicionales | ||
| 250 | _aPrimera edición | ||
| 264 |
_aEcuador _bCorporación de estudios y publicaciones _c2014 |
||
| 300 | _a125 | ||
| 505 | _aCapitulo 1- Definiciones y precisiones conceptuales Capitulo 2- Tratamiento jurídico de los conocimientos y tradicionales Capitulo 3- Los conocimientos tradicionales en la legislación nacional Capitulo 4- Muestra de la investigación Capítulo 5- Diseño del marco de protección de los conocimientos tradicionales relacionados con la biodiversidad Capitulo 6- Conclusiones y recomendaciones | ||
| 650 | _aINNOVACIONES | ||
| 650 | _aEJES FUNDAMENTALES | ||
| 650 | _aLA CONSTITUCIÓN POLITICA | ||
| 700 | _aDra Ena Grauben Matos Jaqui | ||
| 942 |
_2ddc _c1 |
||
| 999 | _c14288 | ||